000
00234nam a22000857a 4500
999
_c
11524
_d
11524
008
190531b ||||| |||| 00| 0 eng d
100
_a
Rohit
_9
7236
245
_a
CBSE Social Science Sample Papers-X
260
_a
New Delhi
_b
Rohit Publications